000 00635nam a2200265Ia 4500
005 20260306163504.0
008 008 260114s9999 xx 000 0 eng d
020 _a9780252052019
037 _aEBOOK
040 _aCRL
040 _beng
040 _cCRL
041 _2eng
041 _aeng
084 _qCRL
100 _aSiwe
_91128736
245 0 _aArtful Noise: Percussion Literature In The Twentieth Century
260 _bUniversity of Illinois Press
260 _c2021
650 _aMusic
856 _uhttps://academic.oup.com/book/37965
942 _cEBOOK
999 _c1710307
_d1710307